The handbook of logistics & distribution management / (Record no. 6298)

MARC details
000 -LEADER
fixed length control field 02404cam a2200241 a 4500
020 ## - INTERNATIONAL STANDARD BOOK NUMBER
ISBN 9780749457143
050 00 - CALL NUMBER
Classification number HF5415.7
Item number .H66
100 1# - AUTHOR
Personal name Rushton, Alan.
245 14 - TITLE
Title The handbook of logistics & distribution management /
Statement of responsibility, etc edited by Alan Rushton, Phil Croucher, Peter Baker.
250 ## - EDITION
Edition statement 4th ed.
260 ## - PUBLICATION INFORMATION
Place of publication London ;
-- Philadelphia :
Name of publisher Kogan Page,
Year of publication 2010.
300 ## - DESCRIPTION
Number of Pages xxvii, 635 p. :
Other physical details ill., maps ;
Dimensions 24 cm.
500 ## - NOTES
General note "Chartered Institute of Logistics and Transport, UK."
505 ## - FORMATTED CONTENTS NOTE
Table of Content Part 1: Concepts of logistics and distribution --<br/>Introduction to logistics and distribution --<br/>Integrated logistics and the supply chain --<br/>Customer service and logistics --<br/>Channels of distribution --<br/>Key issues and challenges for logistics --<br/>Part 2: Planning for logistics --<br/>Planning framework for logistics --<br/>Logistics processes --<br/>Supply n --<br/>Logistics network planning --<br/>Logistics management and organization --<br/>Manufacturing and materials management --<br/>Part 3: Procurement and inventory decisions --<br/>Basic inventory planning and management --<br/>Inventory and the supply chain --<br/>Purchasing and supply --<br/>Part 4: Warehousing and storage --<br/>Principles of warehousing --<br/>Storage and handling systems (palletized) --<br/>Storage and handling systems (non-palletized) --<br/>Order picking and replenishment --<br/>Receiving and dispatch --<br/>Warehouse design --<br/>Warehouse management and information --<br/>Part 5: Freight transport --<br/>International logistics: modal choice --<br/>Maritime transport --<br/>Air transport --<br/>Rail and intermodal transport --<br/>Road freight transport: vehicle selection --<br/>Road freight transport: vehicle costing --<br/>Road freight transport: legislation --<br/>Road freight transport: planning and resourcing --<br/>Part 6: Operational management --<br/>Cost and performance monitoring --<br/>Benchmarking --<br/>Information and communication technology in the supply chain --<br/>Outsourcing : services and decision criteria --<br/>Outsourcing: the selection process --<br/>Outsourcing management --<br/>Security and safety in distribution --<br/>Logistics and the environment.
650 #0 - SUBJECTS
Topical Term Physical distribution of goods
General subdivision Management
650 07 - SUBJECTS
Topical Term Distribution <Physische Distribution>
650 07 - SUBJECTS
Topical Term Logistik.
700 1# - OTHER AUTHORS
Personal name Rushton, Alan.
700 1# - OTHER AUTHORS
Personal name Croucher, Phil,
700 1# - OTHER AUTHORS
Personal name Baker, Peter,
710 2# - OTHER AUTHORS
OTHER AUTHORS Chartered Institute of Logistics and Transport in the UK.
942 ## - ADDED ENTRY ELEMENTS (KOHA)
Koha item type Books
Holdings
Withdrawn status Lost status Collection code Home library Current library Shelving location Date acquired Full call number Accession Number Koha item type
    Reference Methodist University Library Main Methodist University Library Main General Stacks 26/02/2012 HF5415.7 .H66 34815 Books
Copyright © 2026  MUG Library